000 00405nam a22001457a 4500
020 _qPB.
040 _cFizza Ishaq
082 _a155.4
_bWIL
100 _aCrain,William.
_9133616
245 _aTheories of Development: Concepts and Applications /
_cWilliam Crain.
250 _a3rd Ed.
260 _aNew York :
_bPrentice Hall,
_c1992.
300 _a368 p. ;
_c1 x 6.25 x 9.25 inches
942 _2ddc
_cBK
999 _c616576
_d616576